[Event "DVM U20 2015"]
[Site "Osnabrück GER"]
[Date "2015.12.30"]
[Round "7"]
[White "Austrup, David"]
[Black "Steimbach, Isabel"]
[Result "1/2-1/2"]
[Termination "normal"]
[Board "4.4"]
[WhiteElo "1957"]
[BlackElo "1974"]
[WhiteTeam "SK Münster 32"]
[BlackTeam "OSG Baden-Baden"]
[PlyCount "56"]
[WhiteFideId "12996890"]
[BlackFideId "24692174"]
[EventCountry "GER"]
[EventRounds "7"]
[EventType "team-swiss"]
[EventDate "2015.12.26"]

1. e4 c5 2. d4 cxd4 3. c3 dxc3 4. Nxc3 d6 5. Bc4 Nc6 6. Nf3 a6 7. O-O Nf6 8.
Bf4 Bg4 9. Qb3 e6 10. e5 Nh5 11. Bg5 Qb8 12. h3 Bxf3 13. Bxe6 Qc7 14. gxf3 fxe6
15. Qxe6+ Be7 16. Qg4 Nxe5 17. Nd5 Qd8 18. Bxe7 Qxe7 19. Nxe7 Nxg4 20. fxg4
Kxe7 21. gxh5 Rac8 22. Rfe1+ Kd7 23. Re3 Rhe8 24. Rg3 Re7 25. Rd1 Rc2 26. Rgd3
Re6 27. Rg3 Re7 28. Rgd3 Re6 1/2-1/2

[Event "DVM U20 2015"]
[Site "Osnabrück GER"]
[Date "2015.12.30"]
[Round "7"]
[White "Jurga, Jonas Vincent"]
[Black "Haberkamp, Carl"]
[Result "1-0"]
[Termination "normal"]
[Board "4.5"]
[WhiteElo "1933"]
[BlackElo "1932"]
[WhiteTeam "OSG Baden-Baden"]
[BlackTeam "SK Münster 32"]
[PlyCount "61"]
[WhiteFideId "12968013"]
[BlackFideId "12959766"]
[EventCountry "GER"]
[EventRounds "7"]
[EventType "team-swiss"]
[EventDate "2015.12.26"]

1. e4 c6 2. d4 d5 3. e5 Bf5 4. Nf3 e6 5. Be2 c5 6. Be3 Qb6 7. Nc3 Nc6 8. O-O c4
9. b3 Qa5 10. Bd2 Bb4 11. Qe1 b5 12. a3 Bxc3 13. Bxc3 Qc7 14. a4 bxa4 15. bxc4
Bxc2 16. cxd5 exd5 17. Bb5 Nge7 18. Rc1 Bb3 19. Bb4 O-O 20. Bxe7 Qxe7 21. Bxc6
Rab8 22. Qa5 Qb4 23. Qxb4 Rxb4 24. Bd7 Bc4 25. Rfe1 a3 26. Ra1 a2 27. Nd2 Rb2
28. Nxc4 dxc4 29. e6 fxe6 30. Bxe6+ Kh8 31. Bxc4 1-0

[Event "DVM U20 2015"]
[Site "Osnabrück GER"]
[Date "2015.12.30"]
[Round "7"]
[White "Perestjuk, Marko"]
[Black "Keller, Peter"]
[Result "1/2-1/2"]
[Termination "normal"]
[Board "5.1"]
[BlackTitle "FM"]
[WhiteElo "2064"]
[BlackElo "2292"]
[WhiteTeam "SC Zitadelle Spandau 1977"]
[BlackTeam "Frankfurter TV 1860"]
[PlyCount "58"]
[WhiteFideId "1270254"]
[BlackFideId "1272105"]
[EventCountry "GER"]
[EventRounds "7"]
[EventType "team-swiss"]
[EventDate "2015.12.26"]

1. e4 e5 2. Nf3 Nc6 3. Bb5 a6 4. Ba4 Nf6 5. O-O b5 6. Bb3 Bc5 7. d3 d6 8. c3 h6
9. h3 O-O 10. Be3 Re8 11. a4 Rb8 12. axb5 axb5 13. Nbd2 Bb6 14. Bxb6 Rxb6 15.
Re1 Ne7 16. Nf1 Ng6 17. Ra8 Qd7 18. Ng3 Ra6 19. Rxa6 Bxa6 20. Nh2 c5 21. d4 c4
22. Bc2 Bc8 23. Nf5 Qc7 24. Ng4 Nxg4 25. hxg4 Bb7 26. Qd2 Ne7 27. Re3 Nxf5 28.
gxf5 f6 29. Re1 d5 1/2-1/2

[Event "DVM U20 2015"]
[Site "Osnabrück GER"]
[Date "2015.12.30"]
[Round "7"]
[White "Diyap, Murat"]
[Black "Kuhn, Patrick"]
[Result "1/2-1/2"]
[Termination "normal"]
[Board "5.2"]
[WhiteElo "2061"]
[BlackElo "1991"]
[WhiteTeam "Frankfurter TV 1860"]
[BlackTeam "SC Zitadelle Spandau 1977"]
[PlyCount "84"]
[WhiteFideId "1272104"]
[BlackFideId "12910260"]
[EventCountry "GER"]
[EventRounds "7"]
[EventType "team-swiss"]
[EventDate "2015.12.26"]

1. e4 c5 2. Nf3 d6 3. d4 cxd4 4. Nxd4 Nf6 5. Nc3 g6 6. Be2 Bg7 7. Bg5 Nc6 8.
Nb3 a6 9. a4 O-O 10. O-O Na5 11. Nxa5 Qxa5 12. Qd2 Qb4 13. Bd3 Be6 14. Rfb1
Rfc8 15. Re1 Qc5 16. Nd5 Nxd5 17. exd5 Bxd5 18. Bxe7 Qc6 19. Bf1 Be4 20. Qb4
Bxc2 21. Rac1 d5 22. a5 Qd7 23. Bc5 Re8 24. Bd4 Bxd4 25. Qxd4 Rxe1 26. Rxe1 Bf5
27. g3 Be6 28. Rd1 Rd8 29. Rd3 Qe7 30. Re3 f6 31. h4 Rd6 32. Bg2 Kg7 33. Rd3
Qd8 34. b4 Bf7 35. Rc3 Qe7 36. Re3 Re6 37. Rd3 Re1+ 38. Kh2 Re2 39. Bf3 Re5 40.
Rc3 g5 41. hxg5 Rxg5 42. Kg2 Re5 1/2-1/2

[Event "DVM U20 2015"]
[Site "Osnabrück GER"]
[Date "2015.12.30"]
[Round "7"]
[White "Kostre, Margarita"]
[Black "Medvedovski, Michael"]
[Result "0-1"]
[Termination "normal"]
[Board "5.3"]
[WhiteElo "1726"]
[BlackElo "1966"]
[WhiteTeam "SC Zitadelle Spandau 1977"]
[BlackTeam "Frankfurter TV 1860"]
[PlyCount "46"]
[WhiteFideId "4673344"]
[BlackFideId "24600830"]
[EventCountry "GER"]
[EventRounds "7"]
[EventType "team-swiss"]
[EventDate "2015.12.26"]

1. e4 c5 2. Nf3 Nc6 3. d4 cxd4 4. Nxd4 e5 5. Nb3 Nf6 6. Bg5 h6 7. Bxf6 Qxf6 8.
Bc4 Qg6 9. Qf3 Bb4+ 10. c3 Be7 11. h3 d6 12. Na3 O-O 13. O-O-O Be6 14. Bd5 Bxd5
15. Rxd5 f5 16. exf5 Rxf5 17. Qg3 Rg5 18. Qd3 Qxd3 19. Rxd3 Rxg2 20. Nb5 Rf8
21. Rf1 e4 22. Rdd1 Ne5 23. Nd2 Nd3+ 0-1

[Event "DVM U20 2015"]
[Site "Osnabrück GER"]
[Date "2015.12.30"]
[Round "7"]
[White "Saida, Hazim"]
[Black "Paul, Fabian"]
[Result "1/2-1/2"]
[Termination "normal"]
[Board "5.4"]
[WhiteElo "1817"]
[BlackElo "1681"]
[WhiteTeam "Frankfurter TV 1860"]
[BlackTeam "SC Zitadelle Spandau 1977"]
[PlyCount "80"]
[WhiteFideId "12993689"]
[BlackFideId "12908231"]
[EventCountry "GER"]
[EventRounds "7"]
[EventType "team-swiss"]
[EventDate "2015.12.26"]

1. e4 c5 2. Nc3 Nc6 3. f4 e6 4. Nf3 d5 5. Bb5 Nge7 6. exd5 exd5 7. Ne5 g6 8.
Qe2 Be6 9. O-O a6 10. Bxc6+ bxc6 11. d3 Bg7 12. Re1 Qd6 13. b3 O-O 14. Ba3 Rfe8
15. Na4 Nf5 16. Bxc5 Qc7 17. d4 f6 18. Nd3 Bf7 19. Qf2 Nd6 20. Bxd6 Qxd6 21.
Nac5 Rec8 22. Re2 Bf8 23. Rae1 a5 24. a4 Re8 25. Rxe8 Rxe8 26. Rxe8 Bxe8 27.
Qe1 Qd8 28. Qe6+ Kg7 29. Qxc6 Bxc5 30. Qxc5 Bf7 31. Kf2 g5 32. b4 axb4 33. Qxb4
Bg6 34. Nc5 Qd6 35. fxg5 Qf4+ 36. Ke1 Qe3+ 37. Kf1 Qf4+ 38. Ke2 Qg4+ 39. Kf1
Qf4+ 40. Kg1 Qe3+ 1/2-1/2

[Event "DVM U20 2015"]
[Site "Osnabrück GER"]
[Date "2015.12.30"]
[Round "7"]
[White "Fuchs, Dominik"]
[Black "Werle, Joshua"]
[Result "0-1"]
[Termination "normal"]
[Board "5.5"]
[WhiteElo "1600"]
[BlackElo "1794"]
[WhiteTeam "SC Zitadelle Spandau 1977"]
[BlackTeam "Frankfurter TV 1860"]
[PlyCount "116"]
[WhiteFideId "1270260"]
[BlackFideId "12973890"]
[EventCountry "GER"]
[EventRounds "7"]
[EventType "team-swiss"]
[EventDate "2015.12.26"]

1. e4 Nf6 2. e5 Nd5 3. c4 Nb6 4. d4 d6 5. exd6 exd6 6. Bd3 Be7 7. Nc3 O-O 8.
Nge2 Bg4 9. f3 Bh5 10. Be3 Bf6 11. O-O Re8 12. Ne4 Nc6 13. Rc1 d5 14. Nxf6+
Qxf6 15. Qd2 Qe6 16. Bg5 h6 17. Bf4 dxc4 18. Be4 Bg6 19. Ng3 Rad8 20. Bxc7 Rxd4
21. Qc3 Bxe4 22. fxe4 Rd3 23. Qe1 Ne5 24. Bxe5 Qxe5 25. Qf2 Qd4 26. Qxd4 Rxd4
27. Nf5 Rd2 28. Rcd1 Red8 29. Rxd2 Rxd2 30. Rf2 Rd1+ 31. Rf1 Rxf1+ 32. Kxf1 Na4
33. Nd6 Nxb2 34. Nxb7 Kf8 35. Ke2 Na4 36. Na5 Nc3+ 37. Ke3 Nxa2 38. Nxc4 Ke7
39. Kd4 Ke6 40. Na5 Nb4 41. Kc4 Nc2 42. Nc6 a6 43. Kc5 Ne3 44. Kb6 Nxg2 45.
Kxa6 Ne3 46. h3 Ng2 47. Kb5 Nf4 48. h4 Ng2 49. Kc5 Nxh4 50. Kd4 Nf3+ 51. Ke3
Ne5 52. Nd4+ Kf6 53. Kf4 g5+ 54. Kg3 Kg6 55. Nf5 h5 56. Kh3 g4+ 57. Kg3 Kg5 58.
Nh4 Ng6 0-1

[Event "DVM U20 2015"]
[Site "Osnabrück GER"]
[Date "2015.12.30"]
[Round "7"]
[White "Engel, Jan"]
[Black "Raulin, Kian"]
[Result "1-0"]
[Termination "normal"]
[Board "5.6"]
[WhiteElo "1698"]
[BlackElo "1732"]
[WhiteTeam "Frankfurter TV 1860"]
[BlackTeam "SC Zitadelle Spandau 1977"]
[PlyCount "63"]
[WhiteFideId "12993557"]
[BlackFideId "12912166"]
[EventCountry "GER"]
[EventRounds "7"]
[EventType "team-swiss"]
[EventDate "2015.12.26"]

1. e4 e6 2. d4 d5 3. Nc3 Nf6 4. e5 Nfd7 5. f4 c5 6. Nf3 Nc6 7. Be3 a6 8. Bd3 c4
9. Be2 b5 10. O-O Nb6 11. Qd2 Bb4 12. a3 Be7 13. Nd1 b4 14. axb4 Bxb4 15. c3
Be7 16. Bf2 a5 17. Ne3 a4 18. g4 Na5 19. Qc2 Nb3 20. Rae1 Bd7 21. f5 Qc7 22. f6
gxf6 23. exf6 Bxf6 24. Bg3 Qb7 25. Be5 Bxe5 26. Nxe5 f5 27. gxf5 exf5 28. Bh5+
Ke7 29. Nxf5+ Bxf5 30. Qxf5 Kd8 31. Nf7+ Kc7 32. Re7+ 1-0

[Event "DVM U20 2015"]
[Site "Osnabrück GER"]
[Date "2015.12.30"]
[Round "7"]
[White "Rieß, Alexander"]
[Black "Ott, Florian"]
[Result "1/2-1/2"]
[Termination "normal"]
[Board "6.1"]
[WhiteElo "2256"]
[BlackElo "2292"]
[WhiteTeam "Lübecker SV von 1873"]
[BlackTeam "SC Forchheim"]
[PlyCount "47"]
[WhiteFideId "12953326"]
[BlackFideId "12900281"]
[EventCountry "GER"]
[EventRounds "7"]
[EventType "team-swiss"]
[EventDate "2015.12.26"]

1. d4 Nf6 2. c4 e6 3. Nc3 Bb4 4. Qc2 O-O 5. a3 Bxc3+ 6. Qxc3 b6 7. Bg5 Bb7 8.
e3 d6 9. Ne2 Nbd7 10. Qc2 Qe7 11. Nc3 c5 12. Rd1 h6 13. Bh4 cxd4 14. Rxd4 Ne5
15. Qd1 Rfd8 16. Bg3 Rac8 17. f3 Nh5 18. Bh4 g5 19. Bf2 Ng7 20. e4 Nc6 21. Rd3
Ne5 22. Rd4 Nc6 23. Rd3 Ne5 24. Rd4 1/2-1/2

[Event "DVM U20 2015"]
[Site "Osnabrück GER"]
[Date "2015.12.30"]
[Round "7"]
[White "Wichmann, Adrian"]
[Black "Kololli, Martin"]
[Result "0-1"]
[Termination "normal"]
[Board "6.2"]
[WhiteElo "2014"]
[BlackElo "2128"]
[WhiteTeam "SC Forchheim"]
[BlackTeam "Lübecker SV von 1873"]
[PlyCount "82"]
[WhiteFideId "12904708"]
[BlackFideId "12936910"]
[EventCountry "GER"]
[EventRounds "7"]
[EventType "team-swiss"]
[EventDate "2015.12.26"]

1. e4 e5 2. Nf3 Nc6 3. Bc4 Nf6 4. Ng5 d5 5. exd5 Na5 6. Bb5+ c6 7. dxc6 bxc6 8.
Bd3 Nd5 9. Nf3 Bd6 10. Nc3 O-O 11. O-O f5 12. Be2 e4 13. Nd4 Qf6 14. Nb3 Nxc3
15. bxc3 Qe5 16. g3 f4 17. d4 Qd5 18. Nxa5 Qxa5 19. Bc4+ Kh8 20. Bd2 Bh3 21.
Re1 e3 22. Bxe3 Qxc3 23. Bxf4 Bxf4 24. Bd3 Bh6 25. Qh5 Bd7 26. Qh4 Rae8 27. Rf1
Bf5 28. Bxf5 Rxf5 29. Rae1 Ref8 30. Re2 Qc4 31. Rfe1 Qxa2 32. Qe4 Qf7 33. f4
Qd7 34. Qd3 R5f7 35. Re5 g6 36. c3 Bg7 37. Re6 Qd5 38. R6e4 g5 39. c4 Qf5 40.
Qe3 gxf4 41. Rxf4 Bh6 0-1

[Event "DVM U20 2015"]
[Site "Osnabrück GER"]
[Date "2015.12.30"]
[Round "7"]
[White "Kololli, Kevin"]
[Black "Stephan, Michael"]
[Result "0-1"]
[Termination "normal"]
[Board "6.3"]
[WhiteElo "2231"]
[BlackElo "1911"]
[WhiteTeam "Lübecker SV von 1873"]
[BlackTeam "SC Forchheim"]
[PlyCount "92"]
[WhiteFideId "12936863"]
[BlackFideId "24656852"]
[EventCountry "GER"]
[EventRounds "7"]
[EventType "team-swiss"]
[EventDate "2015.12.26"]

1. e4 e5 2. Nf3 Nc6 3. Bc4 Bc5 4. b4 Bxb4 5. c3 Ba5 6. d4 d6 7. dxe5 dxe5 8.
Qb3 Qe7 9. O-O Bb6 10. Ba3 Qf6 11. Nbd2 Nge7 12. Bd5 Na5 13. Qb4 c5 14. Qb2 O-O
15. Qb5 Qd6 16. Nc4 Nxc4 17. Qxc4 Qc7 18. Rad1 Bg4 19. Rd3 Ng6 20. Bc1 a6 21.
a4 Rab8 22. h3 Bd7 23. Rfd1 Be8 24. h4 Ba7 25. h5 b5 26. Qa2 c4 27. hxg6 cxd3
28. Ba3 hxg6 29. Bxf8 Kxf8 30. Rxd3 bxa4 31. Ng5 Qb6 32. Qe2 a3 33. Qf3 f6 34.
Rd2 Ke7 35. Nh3 Qb1+ 36. Kh2 Rb2 37. Qe2 Qc1 38. Qxa6 Rxd2 39. Qxa7+ Bd7 40.
Qe3 Qb2 41. Qc5+ Ke8 42. Qa5 a2 43. Qa8+ Ke7 44. Bxa2 Qxa2 45. Qb8 Qc4 46. Qh8
Kf7 0-1

[Event "DVM U20 2015"]
[Site "Osnabrück GER"]
[Date "2015.12.30"]
[Round "7"]
[White "Wagner, Robert"]
[Black "Tiedemann, Fin Niklas"]
[Result "1-0"]
[Termination "normal"]
[Board "6.4"]
[WhiteElo "1934"]
[BlackElo "1799"]
[WhiteTeam "SC Forchheim"]
[BlackTeam "Lübecker SV von 1873"]
[PlyCount "95"]
[WhiteFideId "24656879"]
[BlackFideId "12936936"]
[EventCountry "GER"]
[EventRounds "7"]
[EventType "team-swiss"]
[EventDate "2015.12.26"]

1. d4 Nf6 2. c4 g6 3. Nc3 Bg7 4. e4 d6 5. Be2 Nbd7 6. g4 h5 7. g5 Nh7 8. Nf3 c6
9. Be3 a6 10. Qd2 b5 11. d5 b4 12. dxc6 bxc3 13. cxd7+ Qxd7 14. bxc3 Bb7 15.
Qc2 O-O 16. Nd2 Rfc8 17. O-O Qh3 18. f3 Be5 19. Rf2 Nf8 20. Bf1 Qd7 21. Bg2 Bg7
22. f4 f5 23. gxf6 exf6 24. Qd3 Re8 25. Re1 Rac8 26. Bd4 Qe7 27. Rfe2 Ne6 28.
Qg3 Nxd4 29. cxd4 Qf7 30. Rb1 f5 31. e5 Bxg2 32. Rxg2 dxe5 33. dxe5 Rc6 34. Qd3
Kh7 35. Qd5 Qc7 36. Nf3 Rxc4 37. Rb7 Rc1+ 38. Kf2 Rc2+ 39. Kg3 Rxg2+ 40. Kxg2
Qc2+ 41. Kg3 Qe2 42. h4 Rg8 43. Qf7 Qe3 44. Re7 Qc3 45. Re6 Qd3 46. Rxg6 Qe3
47. Rg5 Kh8 48. Qxh5+ 1-0

[Event "DVM U20 2015"]
[Site "Osnabrück GER"]
[Date "2015.12.30"]
[Round "7"]
[White "Dörp, Max Marian"]
[Black "Braun, Kristin"]
[Result "0-1"]
[Termination "normal"]
[Board "6.5"]
[WhiteElo "1719"]
[BlackElo "1789"]
[WhiteTeam "Lübecker SV von 1873"]
[BlackTeam "SC Forchheim"]
[PlyCount "77"]
[WhiteFideId "12983551"]
[BlackFideId "24656534"]
[EventCountry "GER"]
[EventRounds "7"]
[EventType "team-swiss"]
[EventDate "2015.12.26"]

1. c4 b6 2. g3 Bb7 3. Nf3 c5 4. Bg2 Nf6 5. Nc3 e6 6. d3 Be7 7. O-O O-O 8. Bf4
d5 9. cxd5 exd5 10. d4 Nc6 11. Rc1 c4 12. Ne5 Bb4 13. Bg5 Bxc3 14. Rxc3 Re8 15.
Ng4 Re6 16. Bh3 Re4 17. e3 Bc8 18. Nxf6+ gxf6 19. Bxc8 Rxc8 20. Bh6 f5 21. Qh5
Qf6 22. h4 Re6 23. Qg5+ Qxg5 24. Bxg5 Nb4 25. a3 Nd3 26. b3 b5 27. a4 b4 28.
Rc2 Rec6 29. Rb1 cxb3 30. Rxc6 Rxc6 31. Rxb3 Rc3 32. Rb1 b3 33. e4 fxe4 34. Kf1
b2 35. Ke2 Rc2+ 36. Kd1 Rxf2 37. Be7 Rf1+ 38. Kc2 Rc1+ 39. Rxc1 0-1

[Event "DVM U20 2015"]
[Site "Osnabrück GER"]
[Date "2015.12.30"]
[Round "7"]
[White "Kieslich, Aaron"]
[Black "Peng, Xiang-Tobias"]
[Result "1-0"]
[Termination "normal"]
[Board "7.1"]
[WhiteElo "2007"]
[BlackElo "2039"]
[WhiteTeam "TuS Coswig 1920"]
[BlackTeam "Heilbronner SV"]
[PlyCount "83"]
[WhiteFideId "1270391"]
[BlackFideId "12964328"]
[EventCountry "GER"]
[EventRounds "7"]
[EventType "team-swiss"]
[EventDate "2015.12.26"]

1. d4 d5 2. c4 e6 3. Nc3 c5 4. cxd5 cxd4 5. Qa4+ Bd7 6. Qxd4 exd5 7. Qxd5 Nf6
8. Qd1 Bc5 9. Nf3 Nc6 10. e3 Qe7 11. a3 Rd8 12. Qb3 g5 13. Nxg5 Nd4 14. Qxf7+
Qxf7 15. Nxf7 Nc2+ 16. Kd2 Nxa1 17. Nxd8 Kxd8 18. b4 Be7 19. Bc4 a5 20. Bb2
axb4 21. axb4 Bxb4 22. Rxa1 Ke7 23. Ba3 Bxa3 24. Rxa3 Rc8 25. Nd5+ Nxd5 26.
Bxd5 b5 27. Ra7 Kd6 28. Be4 Rh8 29. Ra8 Rxa8 30. Bxa8 Bf5 31. e4 Bg6 32. f4 Kc5
33. g4 Kd4 34. Bd5 Be8 35. f5 Ke5 36. g5 Kf4 37. f6 Kxg5 38. f7 Bxf7 39. Bxf7
Kf4 40. Bd5 h5 41. h3 h4 42. Kc3 1-0

[Event "DVM U20 2015"]
[Site "Osnabrück GER"]
[Date "2015.12.30"]
[Round "7"]
[White "Wenninger, Patrick"]
[Black "Linnemann, Niklas"]
[Result "1/2-1/2"]
[Termination "normal"]
[Board "7.2"]
[WhiteElo "1768"]
[BlackElo "2029"]
[WhiteTeam "Heilbronner SV"]
[BlackTeam "TuS Coswig 1920"]
[PlyCount "159"]
[WhiteFideId "12927880"]
[BlackFideId "24695645"]
[EventCountry "GER"]
[EventRounds "7"]
[EventType "team-swiss"]
[EventDate "2015.12.26"]

1. d4 Nf6 2. Nf3 g6 3. c4 Bg7 4. Nc3 d5 5. Qb3 dxc4 6. Qxc4 O-O 7. e4 c6 8. e5
Nd5 9. Nxd5 cxd5 10. Qb3 Nc6 11. Be2 Bg4 12. Be3 Qa5+ 13. Qc3 Qxc3+ 14. bxc3
Rac8 15. h3 Bxf3 16. Bxf3 Rfd8 17. Kd2 Rd7 18. Rhb1 e6 19. Kd3 Rdc7 20. Bd2 Na5
21. Be1 Bf8 22. a4 Be7 23. Bd1 Kf8 24. Bb3 Ke8 25. Ba2 b6 26. Rb5 Kd7 27. Rab1
Rc6 28. Bd2 Kc7 29. Ra1 a6 30. Rbb1 Nc4 31. Be1 Na3 32. Rb2 Kb7 33. Bb3 b5 34.
Rba2 Kb6 35. Rxa3 Bxa3 36. Rxa3 R6c7 37. Bd2 Rb7 38. f4 Rc6 39. axb5 axb5 40.
Ra8 h5 41. g4 hxg4 42. hxg4 Rcc7 43. f5 gxf5 44. gxf5 Ra7 45. Rb8+ Rcb7 46. Rh8
Rc7 47. Rb8+ Rcb7 48. Rxb7+ Kxb7 49. fxe6 fxe6 50. Bh6 Ra3 51. Kc2 Ra8 52. Bg7
Rg8 53. Bf6 Rg2+ 54. Kb1 Kc6 55. Be7 Kb6 56. Kc1 Kc6 57. Bd1 Kd7 58. Bb4 Kc6
59. Bh5 Kd7 60. Kd1 Rh2 61. Bf3 Rf2 62. Be2 Kc6 63. Ke1 Rf4 64. Bh5 Kd7 65. Ke2
Rh4 66. Bf3 Rh2+ 67. Ke3 Rh4 68. Kf2 Rf4 69. Kg3 Rf5 70. Kg4 Kc6 71. Be2 Rf2
72. Bd3 Rg2+ 73. Kh5 Rg3 74. Bg6 Kd7 75. Kh6 Rh3+ 76. Kg7 Rg3 77. Kf7 Rf3+ 78.
Kg8 Rg3 79. Kg7 Rg2 80. Kf7 1/2-1/2

[Event "DVM U20 2015"]
[Site "Osnabrück GER"]
[Date "2015.12.30"]
[Round "7"]
[White "Hofmann, Rares"]
[Black "Degenhard, Simon"]
[Result "1-0"]
[Termination "normal"]
[Board "7.3"]
[WhiteElo "2030"]
[BlackElo "1929"]
[WhiteTeam "TuS Coswig 1920"]
[BlackTeam "Heilbronner SV"]
[PlyCount "84"]
[WhiteFideId "12976440"]
[BlackFideId "12944017"]
[EventCountry "GER"]
[EventRounds "7"]
[EventType "team-swiss"]
[EventDate "2015.12.26"]

1. e4 c5 2. Nf3 e6 3. b3 d6 4. Bb2 Nf6 5. Bd3 Be7 6. O-O Nc6 7. e5 dxe5 8. Nxe5
Nxe5 9. Bxe5 O-O 10. f4 Bd7 11. Rf3 Bc6 12. Rg3 Bd6 13. Bb2 g6 14. Rh3 Be7 15.
Qe2 Re8 16. Na3 Bf8 17. Nc4 Bg7 18. Rf1 Bd5 19. Ne5 Qe7 20. Re3 Nd7 21. Bb5
Bxe5 22. Bxe5 Red8 23. Bxd7 Rxd7 24. Rh3 f6 25. Bc3 Rc8 26. Qg4 c4 27. b4 b5
28. Re1 Qf7 29. Qh4 Rf8 30. Ree3 Bc6 31. Qg4 Bd5 32. Re2 Rdd8 33. Qh4 Bc6 34.
Qg4 Bd5 35. Rg3 Rfe8 36. h4 Kg7 37. h5 Rg8 38. f5 exf5 39. Qxf5 Kf8 40. Qf4 Be6
41. Bxf6 Rd7 42. Qd6+ Rxd6 1-0

[Event "DVM U20 2015"]
[Site "Osnabrück GER"]
[Date "2015.12.30"]
[Round "7"]
[White "Mikeler, Marcel"]
[Black "Merker, Konstantin"]
[Result "1-0"]
[Termination "normal"]
[Board "7.4"]
[WhiteElo "1737"]
[BlackElo "1801"]
[WhiteTeam "Heilbronner SV"]
[BlackTeam "TuS Coswig 1920"]
[PlyCount "113"]
[WhiteFideId "12927856"]
[BlackFideId "12964239"]
[EventCountry "GER"]
[EventRounds "7"]
[EventType "team-swiss"]
[EventDate "2015.12.26"]

1. d4 d5 2. c4 c6 3. Nf3 Nf6 4. Nc3 e6 5. e3 Nbd7 6. Bd3 Bd6 7. O-O O-O 8. b3
e5 9. cxd5 cxd5 10. dxe5 Nxe5 11. Be2 Nxf3+ 12. Bxf3 Be5 13. Bb2 Bf5 14. Na4
Bxb2 15. Nxb2 Rc8 16. Qd4 Rc2 17. Bd1 Rc6 18. b4 Qc7 19. Bb3 Bc2 20. Nd3 Bxb3
21. axb3 b6 22. b5 Rc3 23. Rfc1 Rc8 24. h3 h6 25. Rxc3 Qxc3 26. Rc1 Qxc1+ 27.
Nxc1 Rxc1+ 28. Kh2 Rc7 29. f3 Rd7 30. g4 Kf8 31. Kg3 Ke7 32. Qe5+ Kf8 33. h4
Re7 34. Qc3 Rd7 35. Kf4 Ke7 36. g5 hxg5+ 37. hxg5 Nh5+ 38. Kg4 g6 39. Qe5+ Kf8
40. Qh8+ Ke7 41. f4 Kd6 42. b4 Kc7 43. Qa8 Kd6 44. Qc6+ Ke7 45. f5 d4 46. f6+
Kd8 47. Qa8+ Kc7 48. Qxa7+ Kc8 49. Qa8+ Kc7 50. Qc6+ Kd8 51. Qxb6+ Kc8 52. exd4
Nf4 53. Kxf4 Rb7 54. Qc6+ Kb8 55. Qd6+ Ka8 56. Qd8+ Rb8 57. Qxb8+ 1-0

[Event "DVM U20 2015"]
[Site "Osnabrück GER"]
[Date "2015.12.30"]
[Round "7"]
[White "von Koslowski, Utz"]
[Black "Wasielewski, Kim-Luca"]
[Result "1-0"]
[Termination "normal"]
[Board "7.5"]
[WhiteElo "1954"]
[BlackElo "1705"]
[WhiteTeam "TuS Coswig 1920"]
[BlackTeam "Heilbronner SV"]
[PlyCount "91"]
[WhiteFideId "12964247"]
[BlackFideId "12979503"]
[EventCountry "GER"]
[EventRounds "7"]
[EventType "team-swiss"]
[EventDate "2015.12.26"]

1. Nf3 Nf6 2. c4 c6 3. d4 d5 4. e3 e6 5. Nc3 Be7 6. b3 O-O 7. Bd3 c5 8. O-O Nc6
9. dxc5 Bxc5 10. Bb2 a6 11. Rc1 Ba7 12. Ne2 Re8 13. cxd5 exd5 14. Ned4 Qd6 15.
Nxc6 bxc6 16. Qc2 c5 17. Bxf6 Qxf6 18. Bxh7+ Kh8 19. Bd3 Bb7 20. Rfe1 Rac8 21.
Qe2 Re6 22. Nd2 Qh4 23. g3 Qe7 24. Bf5 Rcc6 25. Bxe6 Rxe6 26. Qd3 Rf6 27. Nb1
Qe6 28. Nc3 Rh6 29. Qf1 f5 30. Ne2 g5 31. Rc3 Qd7 32. f3 a5 33. Rd1 Qg7 34.
Rcd3 f4 35. exf4 c4+ 36. Rd4 gxf4 37. bxc4 dxc4 38. Kg2 Bxd4 39. Rxd4 Rf6 40.
Nxf4 Rc6 41. Rd8+ Kh7 42. Qb1+ Kh6 43. Rd5 Qe7 44. Rh5+ Kg7 45. Rh7+ Kf8 46.
Rxe7 1-0

[Event "DVM U20 2015"]
[Site "Osnabrück GER"]
[Date "2015.12.30"]
[Round "7"]
[White "Ignatov, Dmitriy"]
[Black "Pührer, Anne"]
[Result "1-0"]
[Termination "normal"]
[Board "7.6"]
[WhiteElo "1719"]
[BlackElo "1738"]
[WhiteTeam "Heilbronner SV"]
[BlackTeam "TuS Coswig 1920"]
[PlyCount "77"]
[WhiteFideId "12927872"]
[BlackFideId "24692247"]
[EventCountry "GER"]
[EventRounds "7"]
[EventType "team-swiss"]
[EventDate "2015.12.26"]

1. e4 c5 2. Nf3 d6 3. d4 cxd4 4. Nxd4 Nf6 5. Nc3 a6 6. h3 e6 7. g4 b5 8. Bg2
Bb7 9. g5 Nfd7 10. a3 Be7 11. h4 Ne5 12. f4 Nc4 13. Rf1 g6 14. Qg4 Qb6 15. Nde2
Nd7 16. b3 Na5 17. Bb2 Rf8 18. f5 gxf5 19. exf5 Bxg2 20. Qxg2 O-O-O 21. f6 Bxf6
22. gxf6 d5 23. O-O-O Nc6 24. Kb1 Nce5 25. Qf2 Qxf2 26. Rxf2 Ng4 27. Rf3 Rg8
28. Na2 Nc5 29. Nb4 Kb7 30. Nd4 Rd6 31. Rg3 Ne4 32. Rg2 Ngxf6 33. Rxg8 Nxg8 34.
Rg1 Nh6 35. Rg7 e5 36. Nf3 Kb6 37. Nxe5 f5 38. Bd4+ Ka5 39. Nec6+ 1-0

[Event "DVM U20 2015"]
[Site "Osnabrück GER"]
[Date "2015.12.30"]
[Round "7"]
[White "Urban, Lars"]
[Black "Flüchter, Gregor"]
[Result "1/2-1/2"]
[Termination "normal"]
[Board "8.1"]
[WhiteElo "2178"]
[BlackElo "2189"]
[WhiteTeam "SV Empor Erfurt"]
[BlackTeam "SF Brackel 1930"]
[PlyCount "40"]
[WhiteFideId "4644034"]
[BlackFideId "12903396"]
[EventCountry "GER"]
[EventRounds "7"]
[EventType "team-swiss"]
[EventDate "2015.12.26"]

1. d4 d5 2. c4 c6 3. cxd5 cxd5 4. Nc3 Nf6 5. Bf4 Nc6 6. e3 e6 7. Bd3 Be7 8. h3
O-O 9. Nf3 Bd7 10. Rc1 Rc8 11. O-O Nh5 12. Bh2 f5 13. g4 Nf6 14. Ne5 g6 15. g5
Ne4 16. h4 Bd6 17. Nxc6 Bxc6 18. Bxd6 Nxc3 19. Rxc3 Qxd6 20. f4 Qb4 1/2-1/2

[Event "DVM U20 2015"]
[Site "Osnabrück GER"]
[Date "2015.12.30"]
[Round "7"]
[White "Reisberg, Andre"]
[Black "Nicolai, Tim"]
[Result "1-0"]
[Termination "normal"]
[Board "8.2"]
[WhiteElo "1995"]
[BlackElo "1771"]
[WhiteTeam "SF Brackel 1930"]
[BlackTeam "SV Empor Erfurt"]
[PlyCount "89"]
[WhiteFideId "1270630"]
[BlackFideId "12964930"]
[EventCountry "GER"]
[EventRounds "7"]
[EventType "team-swiss"]
[EventDate "2015.12.26"]

1. d4 f5 2. Bg5 Nf6 3. Bxf6 exf6 4. Nd2 d5 5. e3 Be7 6. Bd3 O-O 7. Qf3 g6 8. h4
c5 9. c3 cxd4 10. exd4 Re8 11. Kf1 Bf8 12. Ne2 Nc6 13. h5 g5 14. Bxf5 Bxf5 15.
Qxf5 b5 16. Qd3 Rb8 17. a3 Na5 18. b4 Nc6 19. Nc1 a5 20. Ncb3 Bd6 21. g3 axb4
22. axb4 Qc7 23. Kg2 Ne7 24. Rhe1 f5 25. Nf3 g4 26. Ne5 Rf8 27. Nc5 Bxc5 28.
dxc5 Rf6 29. Qd2 h6 30. Nd3 d4 31. cxd4 Nd5 32. Nf4 Qc6 33. Qa2 Rd8 34. Nxd5
Qxd5+ 35. Qxd5+ Rxd5 36. Ra8+ Kf7 37. Ra7+ Kf8 38. Ree7 Rxd4 39. Reb7 Kg8 40.
Rxb5 f4 41. gxf4 Rdxf4 42. Rb8+ Rf8 43. Rxf8+ Kxf8 44. b5 Rf5 45. b6 1-0